000 00743nam a22002537a 4500
003 UA-OsUOA
001 30179
007 ta
008 20041105b un ||||| |||| 00| 0 ukr d
100 _aКрупеников И.
700 _aКрупеников Л.
090 _a910.4
_bК84
942 _cBK
040 _aUA-OsUOA
_brus
_cUA-OsUOA
_dUA-OsUOA
245 _aПутешествия и экспедиции В. В. Докучаева
300 _a128 с.
_bІлюстрації
955 _a0
041 _arus
080 _a910.4
260 _aМосква
_bГосударственное издательство географической литературы
_c1949
044 _aRU
650 7 _2UDC
999 _c316586
_d316586